Catálogo

RELACIONES Y MEMORIAS DE LA PROVINCIA DE MICHOACAN ... (Registro nro. 2164)

Detalles MARC
000 -LEADER
fixed length control field 00475nam a2200169 a 4500
001 - CONTROL NUMBER
control field 2164
005 - DATE AND TIME OF LATEST TRANSACTION
control field 20180713182151.0
008 - FIXED-LENGTH DATA ELEMENTS--GENERAL INFORMATION
fixed length control field 140415s1985 000 0 spa d
041 ## - LANGUAGE CODE
Language code of text/sound track or separate title spa
082 ## - DEWEY DECIMAL CLASSIFICATION NUMBER
Classification number 972.037237
Item number OCH
100 1# - MAIN ENTRY--PERSONAL NAME
Personal name OCHOA S., ALVARO
245 10 - TITLE STATEMENT
Title RELACIONES Y MEMORIAS DE LA PROVINCIA DE MICHOACAN ...
260 ## - PUBLICATION, DISTRIBUTION, ETC.
Place of publication, distribution, etc. [s.l.] :
Name of publisher, distributor, etc. UMSNH,
Date of publication, distribution, etc. 1985
300 ## - PHYSICAL DESCRIPTION
Extent 239
650 14 - SUBJECT ADDED ENTRY--TOPICAL TERM
Topical term or geographic name entry element MEXICO
General subdivision HISTORIA
-- COLONIA
700 1# - ADDED ENTRY--PERSONAL NAME
Personal name SANCHEZ D., GERARDO
Relator term coaut.
Existencias
Withdrawn status Lost status Source of classification or shelving scheme Damaged status Not for loan Collection code Home library Current library Shelving location Date acquired Source of acquisition Inventory number Total Checkouts Full call number Barcode Date last seen Price effective from Koha item type
    Dewey Decimal Classification     General Biblioteca Karol Wojtyla Biblioteca Karol Wojtyla Sala general 03/12/2013 Compra 151000000000000000037717   972.037237 OCH 12816 05/01/2026 03/12/2013 Libro